<?xml version="1.0" encoding="UTF-8"?>
<collection xmlns="http://www.loc.gov/MARC21/slim">
 <record>
  <leader>19483nas a22018371  4500</leader>
  <controlfield tag="001">1/50294</controlfield>
  <controlfield tag="008">020523c19889999gr mrzp           g0gre d</controlfield>
  <datafield tag="035" ind1=" " ind2=" ">
   <subfield code="l">23756</subfield>
  </datafield>
  <datafield tag="040" ind1=" " ind2=" ">
   <subfield code="a">GR-PeUP</subfield>
  </datafield>
  <datafield tag="090" ind1=" " ind2=" ">
   <subfield code="a">Αλφαβητική σειρά</subfield>
  </datafield>
  <datafield tag="245" ind1="0" ind2="0">
   <subfield code="a">RAM</subfield>
  </datafield>
  <datafield tag="260" ind1=" " ind2=" ">
   <subfield code="a">Αθήνα :</subfield>
   <subfield code="b">Δημοσιογραφικός Οργανισμός Λαμπράκη Α.Ε.,</subfield>
   <subfield code="c">1988</subfield>
  </datafield>
  <datafield tag="300" ind1=" " ind2=" ">
   <subfield code="a">τ. :</subfield>
   <subfield code="b">εικ. ;</subfield>
   <subfield code="c">29 εκ.</subfield>
  </datafield>
  <datafield tag="310" ind1=" " ind2=" ">
   <subfield code="a">Μηνιαίο</subfield>
  </datafield>
  <datafield tag="362" ind1="0" ind2=" ">
   <subfield code="a">Τχ.1(Φεβ. 1988)-τχ.54(Δεκ. 1992)</subfield>
  </datafield>
  <datafield tag="362" ind1="0" ind2=" ">
   <subfield code="a">Τχ.79(Iαν. 1995)-τχ.174(Νοέμ. 2003)</subfield>
  </datafield>
  <datafield tag="362" ind1="0" ind2=" ">
   <subfield code="a">Τχ.176(Ιαν. 2004)-</subfield>
  </datafield>
  <datafield tag="546" ind1=" " ind2=" ">
   <subfield code="a">Ελληνική</subfield>
  </datafield>
  <datafield tag="650" ind1=" " ind2="4">
   <subfield code="a">Ηλεκτρονικοί υπολογιστές</subfield>
   <subfield code="v">Περιοδικά.</subfield>
  </datafield>
  <datafield tag="852" ind1=" " ind2=" ">
   <subfield code="a">INST</subfield>
   <subfield code="b">UNIPILB</subfield>
   <subfield code="c">SERIALS</subfield>
   <subfield code="e">20041122</subfield>
   <subfield code="h">Αλφαβητική σειρά</subfield>
   <subfield code="p">37802</subfield>
   <subfield code="q">37802</subfield>
   <subfield code="t">NOLOAN</subfield>
   <subfield code="v">τεύχ.176:(Μήνας)Ιανουάριος;(Έτος)2004</subfield>
   <subfield code="y">23</subfield>
  </datafield>
  <datafield tag="852" ind1=" " ind2=" ">
   <subfield code="a">INST</subfield>
   <subfield code="b">UNIPILB</subfield>
   <subfield code="c">SERIALS</subfield>
   <subfield code="e">20041122</subfield>
   <subfield code="h">Αλφαβητική σειρά</subfield>
   <subfield code="p">37803</subfield>
   <subfield code="q">37803</subfield>
   <subfield code="t">NOLOAN</subfield>
   <subfield code="v">τεύχ.177:(Μήνας)Φεβρουάριος;(Έτος)2004</subfield>
   <subfield code="y">23</subfield>
  </datafield>
  <datafield tag="852" ind1=" " ind2=" ">
   <subfield code="a">INST</subfield>
   <subfield code="b">UNIPILB</subfield>
   <subfield code="c">SERIALS</subfield>
   <subfield code="e">20041122</subfield>
   <subfield code="h">Αλφαβητική σειρά</subfield>
   <subfield code="p">37804</subfield>
   <subfield code="q">37804</subfield>
   <subfield code="t">NOLOAN</subfield>
   <subfield code="v">τεύχ.178:(Μήνας)Μάρτιος;(Έτος)2004</subfield>
   <subfield code="y">23</subfield>
  </datafield>
  <datafield tag="852" ind1=" " ind2=" ">
   <subfield code="a">INST</subfield>
   <subfield code="b">UNIPILB</subfield>
   <subfield code="c">SERIALS</subfield>
   <subfield code="e">20041122</subfield>
   <subfield code="h">Αλφαβητική σειρά</subfield>
   <subfield code="p">37805</subfield>
   <subfield code="q">37805</subfield>
   <subfield code="t">NOLOAN</subfield>
   <subfield code="v">τεύχ.179:(Μήνας)Απρίλιος;(Έτος)2004</subfield>
   <subfield code="y">23</subfield>
  </datafield>
  <datafield tag="852" ind1=" " ind2=" ">
   <subfield code="a">INST</subfield>
   <subfield code="b">UNIPILB</subfield>
   <subfield code="c">SERIALS</subfield>
   <subfield code="e">20041122</subfield>
   <subfield code="h">Αλφαβητική σειρά</subfield>
   <subfield code="p">37806</subfield>
   <subfield code="q">37806</subfield>
   <subfield code="t">NOLOAN</subfield>
   <subfield code="v">τεύχ.180:(Μήνας)Μάιος;(Έτος)2004</subfield>
   <subfield code="y">23</subfield>
  </datafield>
  <datafield tag="852" ind1=" " ind2=" ">
   <subfield code="a">INST</subfield>
   <subfield code="b">UNIPILB</subfield>
   <subfield code="c">SERIALS</subfield>
   <subfield code="e">20041122</subfield>
   <subfield code="h">Αλφαβητική σειρά</subfield>
   <subfield code="p">37807</subfield>
   <subfield code="q">37807</subfield>
   <subfield code="t">NOLOAN</subfield>
   <subfield code="v">τεύχ.181:(Μήνας)Ιούνιος;(Έτος)2004</subfield>
   <subfield code="y">23</subfield>
  </datafield>
  <datafield tag="852" ind1=" " ind2=" ">
   <subfield code="a">INST</subfield>
   <subfield code="b">UNIPILB</subfield>
   <subfield code="c">SERIALS</subfield>
   <subfield code="e">20041122</subfield>
   <subfield code="h">Αλφαβητική σειρά</subfield>
   <subfield code="p">37808</subfield>
   <subfield code="q">37808</subfield>
   <subfield code="t">NOLOAN</subfield>
   <subfield code="v">τεύχ.182:(Μήνας)Ιούλιος;(Έτος)2004</subfield>
   <subfield code="y">23</subfield>
  </datafield>
  <datafield tag="852" ind1=" " ind2=" ">
   <subfield code="a">INST</subfield>
   <subfield code="b">UNIPILB</subfield>
   <subfield code="c">SERIALS</subfield>
   <subfield code="e">20041122</subfield>
   <subfield code="h">Αλφαβητική σειρά</subfield>
   <subfield code="p">37809</subfield>
   <subfield code="q">37809</subfield>
   <subfield code="t">NOLOAN</subfield>
   <subfield code="v">τεύχ.184:(Μήνας)Οκτώβριος;(Έτος)2004</subfield>
   <subfield code="y">23</subfield>
  </datafield>
  <datafield tag="852" ind1=" " ind2=" ">
   <subfield code="a">INST</subfield>
   <subfield code="b">UNIPILB</subfield>
   <subfield code="c">SERIALS</subfield>
   <subfield code="e">20041122</subfield>
   <subfield code="h">Αλφαβητική σειρά</subfield>
   <subfield code="p">37810</subfield>
   <subfield code="q">37810</subfield>
   <subfield code="t">NOLOAN</subfield>
   <subfield code="v">τεύχ.185:(Μήνας)Νοέμβριος;(Έτος)2004</subfield>
   <subfield code="y">23</subfield>
  </datafield>
  <datafield tag="852" ind1=" " ind2=" ">
   <subfield code="a">INST</subfield>
   <subfield code="b">UNIPILB</subfield>
   <subfield code="c">SERIALS</subfield>
   <subfield code="e">20041125</subfield>
   <subfield code="h">Αλφαβητική σειρά</subfield>
   <subfield code="p">38008</subfield>
   <subfield code="q">38008</subfield>
   <subfield code="t">NOLOAN</subfield>
   <subfield code="v">τεύχ.186:(Μήνας)Δεκέμβριος;(Έτος)2004</subfield>
   <subfield code="y">23</subfield>
  </datafield>
  <datafield tag="852" ind1=" " ind2=" ">
   <subfield code="a">INST</subfield>
   <subfield code="b">UNIPILB</subfield>
   <subfield code="c">SERIALS</subfield>
   <subfield code="e">20041125</subfield>
   <subfield code="h">Αλφαβητική σειρά</subfield>
   <subfield code="p">38015</subfield>
   <subfield code="q">38015</subfield>
   <subfield code="t">NOLOAN</subfield>
   <subfield code="v">τεύχ.183:(Μήνες)Αύγ./Σεπ.;(Έτος)2004</subfield>
   <subfield code="y">23</subfield>
  </datafield>
  <datafield tag="852" ind1=" " ind2=" ">
   <subfield code="a">INST</subfield>
   <subfield code="b">UNIPILB</subfield>
   <subfield code="c">SERIALS</subfield>
   <subfield code="e">20050117</subfield>
   <subfield code="h">Αλφαβητική σειρά</subfield>
   <subfield code="p">38862</subfield>
   <subfield code="q">38862</subfield>
   <subfield code="t">NOLOAN</subfield>
   <subfield code="v">τεύχ.187:(Μήνας)Ιανουάριος;(Έτος)2005</subfield>
   <subfield code="y">23</subfield>
  </datafield>
  <datafield tag="852" ind1=" " ind2=" ">
   <subfield code="a">INST</subfield>
   <subfield code="b">UNIPILB</subfield>
   <subfield code="c">SERIALS</subfield>
   <subfield code="e">20050128</subfield>
   <subfield code="h">Αλφαβητική σειρά</subfield>
   <subfield code="p">39394</subfield>
   <subfield code="q">39394</subfield>
   <subfield code="t">NOLOAN</subfield>
   <subfield code="v">τεύχ.188:(Μήνας)Φεβρουάριος;(Έτος)2005</subfield>
   <subfield code="y">23</subfield>
  </datafield>
  <datafield tag="852" ind1=" " ind2=" ">
   <subfield code="a">INST</subfield>
   <subfield code="b">UNIPILB</subfield>
   <subfield code="c">SERIALS</subfield>
   <subfield code="e">20050224</subfield>
   <subfield code="h">Αλφαβητική σειρά</subfield>
   <subfield code="p">40541</subfield>
   <subfield code="q">40541</subfield>
   <subfield code="t">NOLOAN</subfield>
   <subfield code="v">τεύχ.189:(Μήνας)Μάρτιος;(Έτος)2005</subfield>
   <subfield code="y">23</subfield>
  </datafield>
  <datafield tag="852" ind1=" " ind2=" ">
   <subfield code="a">INST</subfield>
   <subfield code="b">UNIPILB</subfield>
   <subfield code="c">SERIALS</subfield>
   <subfield code="e">20050328</subfield>
   <subfield code="h">Αλφαβητική σειρά</subfield>
   <subfield code="p">41683</subfield>
   <subfield code="q">41683</subfield>
   <subfield code="t">NOLOAN</subfield>
   <subfield code="v">τεύχ.190:(Μήνας)Απρίλιος;(Έτος)2005</subfield>
   <subfield code="y">23</subfield>
  </datafield>
  <datafield tag="852" ind1=" " ind2=" ">
   <subfield code="a">INST</subfield>
   <subfield code="b">UNIPILB</subfield>
   <subfield code="c">SERIALS</subfield>
   <subfield code="e">20050510</subfield>
   <subfield code="h">Αλφαβητική σειρά</subfield>
   <subfield code="p">42913</subfield>
   <subfield code="q">42913</subfield>
   <subfield code="t">NOLOAN</subfield>
   <subfield code="v">τεύχ.191:(Μήνας)Μάιος;(Έτος)2005</subfield>
   <subfield code="y">23</subfield>
  </datafield>
  <datafield tag="852" ind1=" " ind2=" ">
   <subfield code="a">INST</subfield>
   <subfield code="b">UNIPILB</subfield>
   <subfield code="c">SERIALS</subfield>
   <subfield code="e">20050526</subfield>
   <subfield code="h">Αλφαβητική σειρά</subfield>
   <subfield code="p">43601</subfield>
   <subfield code="q">43601</subfield>
   <subfield code="t">NOLOAN</subfield>
   <subfield code="v">τεύχ.192:(Μήνας)Ιούνιος;(Έτος)2005</subfield>
   <subfield code="y">23</subfield>
  </datafield>
  <datafield tag="852" ind1=" " ind2=" ">
   <subfield code="a">INST</subfield>
   <subfield code="b">UNIPILB</subfield>
   <subfield code="c">SERIALS</subfield>
   <subfield code="e">20050902</subfield>
   <subfield code="h">Αλφαβητική σειρά</subfield>
   <subfield code="p">45913</subfield>
   <subfield code="q">45913</subfield>
   <subfield code="t">NOLOAN</subfield>
   <subfield code="v">τεύχ.194:(Μήνας)Σεπτέμβριος;(Έτος)2005</subfield>
   <subfield code="y">23</subfield>
  </datafield>
  <datafield tag="852" ind1=" " ind2=" ">
   <subfield code="a">INST</subfield>
   <subfield code="b">UNIPILB</subfield>
   <subfield code="c">SERIALS</subfield>
   <subfield code="e">20050928</subfield>
   <subfield code="h">Αλφαβητική σειρά</subfield>
   <subfield code="p">47156</subfield>
   <subfield code="q">47156</subfield>
   <subfield code="t">NOLOAN</subfield>
   <subfield code="v">τεύχ.195:(Μήνας)Οκτώβριος;(Έτος)2005</subfield>
   <subfield code="y">23</subfield>
  </datafield>
  <datafield tag="852" ind1=" " ind2=" ">
   <subfield code="a">INST</subfield>
   <subfield code="b">UNIPILB</subfield>
   <subfield code="c">SERIALS</subfield>
   <subfield code="e">20050928</subfield>
   <subfield code="h">Αλφαβητική σειρά</subfield>
   <subfield code="p">47157</subfield>
   <subfield code="q">47157</subfield>
   <subfield code="t">NOLOAN</subfield>
   <subfield code="v">τεύχ.193:(Μήνες)Ιούλ./Αύγ.;(Έτος)2005</subfield>
   <subfield code="y">23</subfield>
  </datafield>
  <datafield tag="852" ind1=" " ind2=" ">
   <subfield code="a">INST</subfield>
   <subfield code="b">UNIPILB</subfield>
   <subfield code="c">SERIALS</subfield>
   <subfield code="e">20051101</subfield>
   <subfield code="h">Αλφαβητική σειρά</subfield>
   <subfield code="p">48018</subfield>
   <subfield code="q">48018</subfield>
   <subfield code="t">NOLOAN</subfield>
   <subfield code="v">τεύχ.196:(Μήνας)Νοέμβριος;(Έτος)2005</subfield>
   <subfield code="y">23</subfield>
  </datafield>
  <datafield tag="852" ind1=" " ind2=" ">
   <subfield code="a">INST</subfield>
   <subfield code="b">UNIPILB</subfield>
   <subfield code="c">SERIALS</subfield>
   <subfield code="e">20051128</subfield>
   <subfield code="h">Αλφαβητική σειρά</subfield>
   <subfield code="p">48782</subfield>
   <subfield code="q">48782</subfield>
   <subfield code="t">NOLOAN</subfield>
   <subfield code="v">τεύχ.197:(Μήνας)Δεκέμβριος;(Έτος)2005</subfield>
   <subfield code="y">23</subfield>
  </datafield>
  <datafield tag="852" ind1=" " ind2=" ">
   <subfield code="a">INST</subfield>
   <subfield code="b">UNIPILB</subfield>
   <subfield code="c">SERIALS</subfield>
   <subfield code="e">20060209</subfield>
   <subfield code="h">Αλφαβητική σειρά</subfield>
   <subfield code="p">50137</subfield>
   <subfield code="q">50137</subfield>
   <subfield code="t">NOLOAN</subfield>
   <subfield code="v">τεύχ.199:(Μήνας)Φεβρουάριος;(Έτος)2006</subfield>
   <subfield code="y">23</subfield>
  </datafield>
  <datafield tag="852" ind1=" " ind2=" ">
   <subfield code="a">INST</subfield>
   <subfield code="b">UNIPILB</subfield>
   <subfield code="c">SERIALS</subfield>
   <subfield code="e">20060313</subfield>
   <subfield code="h">Αλφαβητική σειρά</subfield>
   <subfield code="p">50763</subfield>
   <subfield code="q">50763</subfield>
   <subfield code="t">NOLOAN</subfield>
   <subfield code="v">τεύχ.200:(Μήνας)Μάρτιος;(Έτος)2006</subfield>
   <subfield code="y">23</subfield>
  </datafield>
  <datafield tag="852" ind1=" " ind2=" ">
   <subfield code="a">INST</subfield>
   <subfield code="b">UNIPILB</subfield>
   <subfield code="c">SERIALS</subfield>
   <subfield code="e">20060405</subfield>
   <subfield code="h">Αλφαβητική σειρά</subfield>
   <subfield code="p">51133</subfield>
   <subfield code="q">51133</subfield>
   <subfield code="t">NOLOAN</subfield>
   <subfield code="v">τεύχ.201:(Μήνας)Απρίλιος;(Έτος)2006</subfield>
   <subfield code="y">23</subfield>
  </datafield>
  <datafield tag="852" ind1=" " ind2=" ">
   <subfield code="a">INST</subfield>
   <subfield code="b">UNIPILB</subfield>
   <subfield code="c">SERIALS</subfield>
   <subfield code="e">20060509</subfield>
   <subfield code="h">Αλφαβητική σειρά</subfield>
   <subfield code="p">51395</subfield>
   <subfield code="q">51395</subfield>
   <subfield code="t">NOLOAN</subfield>
   <subfield code="v">τεύχ.202:(Μήνας)Μάιος;(Έτος)2006</subfield>
   <subfield code="y">23</subfield>
  </datafield>
  <datafield tag="852" ind1=" " ind2=" ">
   <subfield code="a">INST</subfield>
   <subfield code="b">UNIPILB</subfield>
   <subfield code="c">SERIALS</subfield>
   <subfield code="e">20060705</subfield>
   <subfield code="h">Αλφαβητική σειρά</subfield>
   <subfield code="p">51783</subfield>
   <subfield code="q">51783</subfield>
   <subfield code="t">NOLOAN</subfield>
   <subfield code="v">τεύχ.203:(Μήνας)Ιούνιος;(Έτος)2006</subfield>
   <subfield code="y">23</subfield>
  </datafield>
  <datafield tag="852" ind1=" " ind2=" ">
   <subfield code="a">INST</subfield>
   <subfield code="b">UNIPILB</subfield>
   <subfield code="c">SERIALS</subfield>
   <subfield code="e">20060705</subfield>
   <subfield code="h">Αλφαβητική σειρά</subfield>
   <subfield code="p">51784</subfield>
   <subfield code="q">51784</subfield>
   <subfield code="t">NOLOAN</subfield>
   <subfield code="v">τεύχ.204:(Μήνες)Ιούλ./Αύγ.;(Έτος)2006</subfield>
   <subfield code="y">23</subfield>
  </datafield>
  <datafield tag="852" ind1=" " ind2=" ">
   <subfield code="a">INST</subfield>
   <subfield code="b">UNIPILB</subfield>
   <subfield code="c">SERIALS</subfield>
   <subfield code="e">20060906</subfield>
   <subfield code="h">Αλφαβητική σειρά</subfield>
   <subfield code="p">52622</subfield>
   <subfield code="q">52622</subfield>
   <subfield code="t">NOLOAN</subfield>
   <subfield code="v">τεύχ.205:(Μήνας)Σεπτέμβριος;(Έτος)2006</subfield>
   <subfield code="y">23</subfield>
  </datafield>
  <datafield tag="852" ind1=" " ind2=" ">
   <subfield code="a">INST</subfield>
   <subfield code="b">UNIPILB</subfield>
   <subfield code="c">SERIALS</subfield>
   <subfield code="e">20061002</subfield>
   <subfield code="h">Αλφαβητική σειρά</subfield>
   <subfield code="p">52955</subfield>
   <subfield code="q">52955</subfield>
   <subfield code="t">NOLOAN</subfield>
   <subfield code="v">τεύχ.206:(Μήνας)Οκτώβριος;(Έτος)2006</subfield>
   <subfield code="y">23</subfield>
  </datafield>
  <datafield tag="852" ind1=" " ind2=" ">
   <subfield code="a">INST</subfield>
   <subfield code="b">UNIPILB</subfield>
   <subfield code="c">SERIALS</subfield>
   <subfield code="e">20061113</subfield>
   <subfield code="h">Αλφαβητική σειρά</subfield>
   <subfield code="p">53542</subfield>
   <subfield code="q">53542</subfield>
   <subfield code="t">NOLOAN</subfield>
   <subfield code="v">τεύχ.207:(Μήνας)Νοέμβριος;(Έτος)2006</subfield>
   <subfield code="y">23</subfield>
  </datafield>
  <datafield tag="852" ind1=" " ind2=" ">
   <subfield code="a">INST</subfield>
   <subfield code="b">UNIPILB</subfield>
   <subfield code="c">SERIALS</subfield>
   <subfield code="e">20061123</subfield>
   <subfield code="h">Αλφαβητική σειρά</subfield>
   <subfield code="p">53733</subfield>
   <subfield code="q">53733</subfield>
   <subfield code="t">NOLOAN</subfield>
   <subfield code="v">τεύχ.208:(Μήνας)Δεκέμβριος;(Έτος)2006</subfield>
   <subfield code="y">23</subfield>
  </datafield>
  <datafield tag="852" ind1=" " ind2=" ">
   <subfield code="a">INST</subfield>
   <subfield code="b">UNIPILB</subfield>
   <subfield code="c">SERIALS</subfield>
   <subfield code="e">20070119</subfield>
   <subfield code="h">Αλφαβητική σειρά</subfield>
   <subfield code="p">54181</subfield>
   <subfield code="q">54181</subfield>
   <subfield code="t">NOLOAN</subfield>
   <subfield code="v">τεύχ.209:(Μήνας)Ιανουάριος;(Έτος)2007</subfield>
   <subfield code="y">23</subfield>
  </datafield>
  <datafield tag="852" ind1=" " ind2=" ">
   <subfield code="a">INST</subfield>
   <subfield code="b">UNIPILB</subfield>
   <subfield code="c">SERIALS</subfield>
   <subfield code="e">20070403</subfield>
   <subfield code="h">Αλφαβητική σειρά</subfield>
   <subfield code="p">55141</subfield>
   <subfield code="q">55141</subfield>
   <subfield code="t">NOLOAN</subfield>
   <subfield code="v">τεύχ.210:(Μήνας)Φεβρουάριος;(Έτος)2007</subfield>
   <subfield code="y">23</subfield>
  </datafield>
  <datafield tag="852" ind1=" " ind2=" ">
   <subfield code="a">INST</subfield>
   <subfield code="b">UNIPILB</subfield>
   <subfield code="c">SERIALS</subfield>
   <subfield code="e">20070419</subfield>
   <subfield code="h">Αλφαβητική σειρά</subfield>
   <subfield code="p">55366</subfield>
   <subfield code="q">55366</subfield>
   <subfield code="t">NOLOAN</subfield>
   <subfield code="v">τεύχ.211:(Μήνας)Μάρτιος;(Έτος)2007</subfield>
   <subfield code="y">23</subfield>
  </datafield>
  <datafield tag="852" ind1=" " ind2=" ">
   <subfield code="a">INST</subfield>
   <subfield code="b">UNIPILB</subfield>
   <subfield code="c">SERIALS</subfield>
   <subfield code="e">20070419</subfield>
   <subfield code="h">Αλφαβητική σειρά</subfield>
   <subfield code="p">55367</subfield>
   <subfield code="q">55367</subfield>
   <subfield code="t">NOLOAN</subfield>
   <subfield code="v">τεύχ.212:(Μήνας)Απρίλιος;(Έτος)2007</subfield>
   <subfield code="y">23</subfield>
  </datafield>
  <datafield tag="852" ind1=" " ind2=" ">
   <subfield code="a">INST</subfield>
   <subfield code="b">UNIPILB</subfield>
   <subfield code="c">SERIALS</subfield>
   <subfield code="e">20070521</subfield>
   <subfield code="h">Αλφαβητική σειρά</subfield>
   <subfield code="p">55686</subfield>
   <subfield code="q">55686</subfield>
   <subfield code="t">NOLOAN</subfield>
   <subfield code="v">τεύχ.213:(Μήνας)Μάιος;(Έτος)2007</subfield>
   <subfield code="y">23</subfield>
  </datafield>
  <datafield tag="852" ind1=" " ind2=" ">
   <subfield code="a">INST</subfield>
   <subfield code="b">UNIPILB</subfield>
   <subfield code="c">SERIALS</subfield>
   <subfield code="e">20070702</subfield>
   <subfield code="h">Αλφαβητική σειρά</subfield>
   <subfield code="p">56080</subfield>
   <subfield code="q">56080</subfield>
   <subfield code="t">NOLOAN</subfield>
   <subfield code="v">τεύχ.214:(Μήνας)Ιούνιος;(Έτος)2007</subfield>
   <subfield code="y">23</subfield>
  </datafield>
  <datafield tag="852" ind1=" " ind2=" ">
   <subfield code="a">INST</subfield>
   <subfield code="b">UNIPILB</subfield>
   <subfield code="c">SERIALS</subfield>
   <subfield code="e">20070702</subfield>
   <subfield code="h">Αλφαβητική σειρά</subfield>
   <subfield code="p">56081</subfield>
   <subfield code="q">56081</subfield>
   <subfield code="t">NOLOAN</subfield>
   <subfield code="v">τεύχ.215:(Μήνες)Ιούλ./Αύγ.;(Έτος)2007</subfield>
   <subfield code="y">23</subfield>
  </datafield>
  <datafield tag="852" ind1=" " ind2=" ">
   <subfield code="a">INST</subfield>
   <subfield code="b">UNIPILB</subfield>
   <subfield code="c">SERIALS</subfield>
   <subfield code="e">20070910</subfield>
   <subfield code="h">Αλφαβητική σειρά</subfield>
   <subfield code="p">56840</subfield>
   <subfield code="q">56840</subfield>
   <subfield code="t">NOLOAN</subfield>
   <subfield code="v">τεύχ.216:(Μήνας)Σεπτέμβριος;(Έτος)2007</subfield>
   <subfield code="y">23</subfield>
  </datafield>
  <datafield tag="852" ind1=" " ind2=" ">
   <subfield code="a">INST</subfield>
   <subfield code="b">UNIPILB</subfield>
   <subfield code="c">SERIALS</subfield>
   <subfield code="e">20071010</subfield>
   <subfield code="h">Αλφαβητική σειρά</subfield>
   <subfield code="p">57521</subfield>
   <subfield code="q">57521</subfield>
   <subfield code="t">NOLOAN</subfield>
   <subfield code="v">τεύχ.217:(Μήνας)Οκτώβριος;(Έτος)2007</subfield>
   <subfield code="y">23</subfield>
  </datafield>
  <datafield tag="852" ind1=" " ind2=" ">
   <subfield code="a">INST</subfield>
   <subfield code="b">UNIPILB</subfield>
   <subfield code="c">SERIALS</subfield>
   <subfield code="e">20071107</subfield>
   <subfield code="h">Αλφαβητική σειρά</subfield>
   <subfield code="p">58239</subfield>
   <subfield code="q">58239</subfield>
   <subfield code="t">NOLOAN</subfield>
   <subfield code="v">τεύχ.218:(Μήνας)Νοέμβριος;(Έτος)2007</subfield>
   <subfield code="y">23</subfield>
  </datafield>
  <datafield tag="852" ind1=" " ind2=" ">
   <subfield code="a">INST</subfield>
   <subfield code="b">UNIPILB</subfield>
   <subfield code="c">SERIALS</subfield>
   <subfield code="e">20071126</subfield>
   <subfield code="h">Αλφαβητική σειρά</subfield>
   <subfield code="p">58549</subfield>
   <subfield code="q">58549</subfield>
   <subfield code="t">NOLOAN</subfield>
   <subfield code="v">τεύχ.219:(Μήνας)Δεκέμβριος;(Έτος)2007</subfield>
   <subfield code="y">23</subfield>
  </datafield>
  <datafield tag="852" ind1=" " ind2=" ">
   <subfield code="a">INST</subfield>
   <subfield code="b">UNIPILB</subfield>
   <subfield code="c">SERIALS</subfield>
   <subfield code="e">20080116</subfield>
   <subfield code="h">Αλφαβητική σειρά</subfield>
   <subfield code="p">59447</subfield>
   <subfield code="q">59447</subfield>
   <subfield code="t">NOLOAN</subfield>
   <subfield code="v">τεύχ.220:(Μήνας)Ιανουάριος;(Έτος)2008</subfield>
   <subfield code="y">23</subfield>
  </datafield>
  <datafield tag="852" ind1=" " ind2=" ">
   <subfield code="a">INST</subfield>
   <subfield code="b">UNIPILB</subfield>
   <subfield code="c">SERIALS</subfield>
   <subfield code="e">20080215</subfield>
   <subfield code="h">Αλφαβητική σειρά</subfield>
   <subfield code="p">59735</subfield>
   <subfield code="q">59735</subfield>
   <subfield code="t">NOLOAN</subfield>
   <subfield code="v">τεύχ.221:(Μήνας)Φεβρουάριος;(Έτος)2008</subfield>
   <subfield code="y">23</subfield>
  </datafield>
  <datafield tag="852" ind1=" " ind2=" ">
   <subfield code="a">INST</subfield>
   <subfield code="b">UNIPILB</subfield>
   <subfield code="c">SERIALS</subfield>
   <subfield code="e">20080306</subfield>
   <subfield code="h">Αλφαβητική σειρά</subfield>
   <subfield code="p">60035</subfield>
   <subfield code="q">60035</subfield>
   <subfield code="t">NOLOAN</subfield>
   <subfield code="v">τεύχ.222:(Μήνας)Μάρτιος;(Έτος)2008</subfield>
   <subfield code="y">23</subfield>
  </datafield>
  <datafield tag="852" ind1=" " ind2=" ">
   <subfield code="a">INST</subfield>
   <subfield code="b">UNIPILB</subfield>
   <subfield code="c">SERIALS</subfield>
   <subfield code="e">20080702</subfield>
   <subfield code="h">Αλφαβητική σειρά</subfield>
   <subfield code="p">60901</subfield>
   <subfield code="q">60901</subfield>
   <subfield code="t">NOLOAN</subfield>
   <subfield code="v">τεύχ.224:(Μήνας)Μάιος;(Έτος)2008</subfield>
   <subfield code="y">23</subfield>
  </datafield>
  <datafield tag="852" ind1=" " ind2=" ">
   <subfield code="a">INST</subfield>
   <subfield code="b">UNIPILB</subfield>
   <subfield code="c">SERIALS</subfield>
   <subfield code="e">20080702</subfield>
   <subfield code="h">Αλφαβητική σειρά</subfield>
   <subfield code="p">60902</subfield>
   <subfield code="q">60902</subfield>
   <subfield code="t">NOLOAN</subfield>
   <subfield code="v">τεύχ.225:(Μήνας)Ιούνιος;(Έτος)2008</subfield>
   <subfield code="y">23</subfield>
  </datafield>
  <datafield tag="852" ind1=" " ind2=" ">
   <subfield code="a">INST</subfield>
   <subfield code="b">UNIPILB</subfield>
   <subfield code="c">SERIALS</subfield>
   <subfield code="e">20080702</subfield>
   <subfield code="h">Αλφαβητική σειρά</subfield>
   <subfield code="p">60903</subfield>
   <subfield code="q">60903</subfield>
   <subfield code="t">NOLOAN</subfield>
   <subfield code="v">τεύχ.226:(Μήνες)Ιούλ./Αύγ.;(Έτος)2008</subfield>
   <subfield code="y">23</subfield>
  </datafield>
  <datafield tag="852" ind1=" " ind2=" ">
   <subfield code="a">INST</subfield>
   <subfield code="b">UNIPILB</subfield>
   <subfield code="c">SERIALS</subfield>
   <subfield code="e">20080909</subfield>
   <subfield code="h">Αλφαβητική σειρά</subfield>
   <subfield code="p">61436</subfield>
   <subfield code="q">61436</subfield>
   <subfield code="t">NOLOAN</subfield>
   <subfield code="v">τεύχ.227:(Μήνας)Σεπτέμβριος;(Έτος)2008</subfield>
   <subfield code="y">23</subfield>
  </datafield>
  <datafield tag="852" ind1=" " ind2=" ">
   <subfield code="a">INST</subfield>
   <subfield code="b">UNIPILB</subfield>
   <subfield code="c">SERIALS</subfield>
   <subfield code="e">20081017</subfield>
   <subfield code="h">Αλφαβητική σειρά</subfield>
   <subfield code="p">61818</subfield>
   <subfield code="q">61818</subfield>
   <subfield code="t">NOLOAN</subfield>
   <subfield code="v">τεύχ.228:(Μήνας)Οκτώβριος;(Έτος)2008</subfield>
   <subfield code="y">23</subfield>
  </datafield>
  <datafield tag="852" ind1=" " ind2=" ">
   <subfield code="a">INST</subfield>
   <subfield code="b">UNIPILB</subfield>
   <subfield code="c">SERIALS</subfield>
   <subfield code="e">20081107</subfield>
   <subfield code="h">Αλφαβητική σειρά</subfield>
   <subfield code="p">62019</subfield>
   <subfield code="q">62019</subfield>
   <subfield code="t">NOLOAN</subfield>
   <subfield code="v">τεύχ.229:(Μήνας)Νοέμβριος;(Έτος)2008</subfield>
   <subfield code="y">23</subfield>
  </datafield>
  <datafield tag="852" ind1=" " ind2=" ">
   <subfield code="a">INST</subfield>
   <subfield code="b">UNIPILB</subfield>
   <subfield code="c">SERIALS</subfield>
   <subfield code="e">20081125</subfield>
   <subfield code="h">Αλφαβητική σειρά</subfield>
   <subfield code="p">62133</subfield>
   <subfield code="q">62133</subfield>
   <subfield code="t">NOLOAN</subfield>
   <subfield code="v">τεύχ.230:(Μήνας)Δεκέμβριος;(Έτος)2008</subfield>
   <subfield code="y">23</subfield>
  </datafield>
  <datafield tag="852" ind1=" " ind2=" ">
   <subfield code="a">INST</subfield>
   <subfield code="b">UNIPILB</subfield>
   <subfield code="c">SERIALS</subfield>
   <subfield code="e">20090127</subfield>
   <subfield code="h">Αλφαβητική σειρά</subfield>
   <subfield code="p">62570</subfield>
   <subfield code="q">62570</subfield>
   <subfield code="t">NOLOAN</subfield>
   <subfield code="v">τεύχ.231:(Μήνας)Ιανουάριος;(Έτος)2009</subfield>
   <subfield code="y">23</subfield>
  </datafield>
  <datafield tag="852" ind1=" " ind2=" ">
   <subfield code="a">INST</subfield>
   <subfield code="b">UNIPILB</subfield>
   <subfield code="c">SERIALS</subfield>
   <subfield code="e">20090209</subfield>
   <subfield code="h">Αλφαβητική σειρά</subfield>
   <subfield code="p">62789</subfield>
   <subfield code="q">62789</subfield>
   <subfield code="t">NOLOAN</subfield>
   <subfield code="v">τεύχ.232:(Μήνας)Φεβρουάριος;(Έτος)2009</subfield>
   <subfield code="y">23</subfield>
  </datafield>
  <datafield tag="852" ind1=" " ind2=" ">
   <subfield code="a">INST</subfield>
   <subfield code="b">UNIPILB</subfield>
   <subfield code="c">SERIALS</subfield>
   <subfield code="e">20090304</subfield>
   <subfield code="h">Αλφαβητική σειρά</subfield>
   <subfield code="p">63244</subfield>
   <subfield code="q">63244</subfield>
   <subfield code="t">NOLOAN</subfield>
   <subfield code="v">τεύχ.233:(Μήνας)Μάρτιος;(Έτος)2009</subfield>
   <subfield code="y">23</subfield>
  </datafield>
  <datafield tag="852" ind1=" " ind2=" ">
   <subfield code="a">INST</subfield>
   <subfield code="b">UNIPILB</subfield>
   <subfield code="c">SERIALS</subfield>
   <subfield code="e">20090508</subfield>
   <subfield code="h">Αλφαβητική σειρά</subfield>
   <subfield code="p">64034</subfield>
   <subfield code="q">64034</subfield>
   <subfield code="t">NOLOAN</subfield>
   <subfield code="v">τεύχ.234:(Μήνας)Απρίλιος;(Έτος)2009</subfield>
   <subfield code="y">23</subfield>
  </datafield>
  <datafield tag="852" ind1=" " ind2=" ">
   <subfield code="a">INST</subfield>
   <subfield code="b">UNIPILB</subfield>
   <subfield code="c">SERIALS</subfield>
   <subfield code="e">20090508</subfield>
   <subfield code="h">Αλφαβητική σειρά</subfield>
   <subfield code="p">64035</subfield>
   <subfield code="q">64035</subfield>
   <subfield code="t">NOLOAN</subfield>
   <subfield code="v">τεύχ.235:(Μήνας)Μάιος;(Έτος)2009</subfield>
   <subfield code="y">23</subfield>
  </datafield>
  <datafield tag="852" ind1=" " ind2=" ">
   <subfield code="a">INST</subfield>
   <subfield code="b">UNIPILB</subfield>
   <subfield code="c">SERIALS</subfield>
   <subfield code="e">20090710</subfield>
   <subfield code="h">Αλφαβητική σειρά</subfield>
   <subfield code="p">64386</subfield>
   <subfield code="q">64386</subfield>
   <subfield code="t">NOLOAN</subfield>
   <subfield code="v">τεύχ.236:(Μήνας)Ιούνιος;(Έτος)2009</subfield>
   <subfield code="y">23</subfield>
  </datafield>
  <datafield tag="852" ind1=" " ind2=" ">
   <subfield code="a">INST</subfield>
   <subfield code="b">UNIPILB</subfield>
   <subfield code="c">SERIALS</subfield>
   <subfield code="e">20090720</subfield>
   <subfield code="h">Αλφαβητική σειρά</subfield>
   <subfield code="p">64430</subfield>
   <subfield code="q">64430</subfield>
   <subfield code="t">NOLOAN</subfield>
   <subfield code="v">τεύχ.237:(Μήνες)Ιούλ./Αύγ.;(Έτος)2009</subfield>
   <subfield code="y">23</subfield>
  </datafield>
  <datafield tag="852" ind1=" " ind2=" ">
   <subfield code="a">INST</subfield>
   <subfield code="b">UNIPILB</subfield>
   <subfield code="c">SERIALS</subfield>
   <subfield code="e">20090921</subfield>
   <subfield code="h">Αλφαβητική σειρά</subfield>
   <subfield code="p">64699</subfield>
   <subfield code="q">64699</subfield>
   <subfield code="t">NOLOAN</subfield>
   <subfield code="v">τεύχ.238:(Μήνας)Σεπτέμβριος;(Έτος)2009</subfield>
   <subfield code="y">23</subfield>
  </datafield>
  <datafield tag="852" ind1=" " ind2=" ">
   <subfield code="a">INST</subfield>
   <subfield code="b">UNIPILB</subfield>
   <subfield code="c">SERIALS</subfield>
   <subfield code="e">20091111</subfield>
   <subfield code="h">Αλφαβητική σειρά</subfield>
   <subfield code="p">65360</subfield>
   <subfield code="q">65360</subfield>
   <subfield code="t">NOLOAN</subfield>
   <subfield code="v">τεύχ.240:(Μήνας)Νοέμβριος;(Έτος)2009</subfield>
   <subfield code="y">23</subfield>
  </datafield>
  <datafield tag="852" ind1=" " ind2=" ">
   <subfield code="a">INST</subfield>
   <subfield code="b">UNIPILB</subfield>
   <subfield code="c">SERIALS</subfield>
   <subfield code="e">20091214</subfield>
   <subfield code="h">Αλφαβητική σειρά</subfield>
   <subfield code="p">65838</subfield>
   <subfield code="q">65838</subfield>
   <subfield code="t">NOLOAN</subfield>
   <subfield code="v">τεύχ.241:(Μήνας)Δεκέμβριος;(Έτος)2009</subfield>
   <subfield code="y">23</subfield>
  </datafield>
  <datafield tag="852" ind1=" " ind2=" ">
   <subfield code="a">INST</subfield>
   <subfield code="b">UNIPILB</subfield>
   <subfield code="c">SERIALS</subfield>
   <subfield code="e">20100114</subfield>
   <subfield code="h">Αλφαβητική σειρά</subfield>
   <subfield code="p">66224</subfield>
   <subfield code="q">66224</subfield>
   <subfield code="t">NOLOAN</subfield>
   <subfield code="v">τεύχ.242:(Μήνας)Ιανουάριος;(Έτος)2010</subfield>
   <subfield code="y">23</subfield>
  </datafield>
  <datafield tag="852" ind1=" " ind2=" ">
   <subfield code="a">INST</subfield>
   <subfield code="b">UNIPILB</subfield>
   <subfield code="c">SERIALS</subfield>
   <subfield code="e">20100204</subfield>
   <subfield code="h">Αλφαβητική σειρά</subfield>
   <subfield code="p">66650</subfield>
   <subfield code="q">66650</subfield>
   <subfield code="t">NOLOAN</subfield>
   <subfield code="v">τεύχ.243:(Μήνας)Φεβρουάριος;(Έτος)2010</subfield>
   <subfield code="y">23</subfield>
  </datafield>
  <datafield tag="852" ind1=" " ind2=" ">
   <subfield code="a">INST</subfield>
   <subfield code="b">UNIPILB</subfield>
   <subfield code="c">SERIALS</subfield>
   <subfield code="e">20100226</subfield>
   <subfield code="h">Αλφαβητική σειρά</subfield>
   <subfield code="p">67102</subfield>
   <subfield code="q">67102</subfield>
   <subfield code="t">NOLOAN</subfield>
   <subfield code="v">τεύχ.239:(Μήνας)Οκτώβριος;(Έτος)2009</subfield>
   <subfield code="y">23</subfield>
  </datafield>
  <datafield tag="852" ind1=" " ind2=" ">
   <subfield code="a">INST</subfield>
   <subfield code="b">UNIPILB</subfield>
   <subfield code="c">SERIALS</subfield>
   <subfield code="e">20100302</subfield>
   <subfield code="h">Αλφαβητική σειρά</subfield>
   <subfield code="p">67189</subfield>
   <subfield code="q">67189</subfield>
   <subfield code="t">NOLOAN</subfield>
   <subfield code="v">τεύχ.244:(Μήνας)Μάρτιος;(Έτος)2010</subfield>
   <subfield code="y">23</subfield>
  </datafield>
  <datafield tag="852" ind1=" " ind2=" ">
   <subfield code="a">INST</subfield>
   <subfield code="b">UNIPILB</subfield>
   <subfield code="c">SERIALS</subfield>
   <subfield code="e">20100707</subfield>
   <subfield code="h">Αλφαβητική σειρά</subfield>
   <subfield code="p">69456</subfield>
   <subfield code="q">69456</subfield>
   <subfield code="t">NOLOAN</subfield>
   <subfield code="v">τεύχ.248:(Μήνες)Ιούλ/Αύγ.;(Έτος)2010</subfield>
   <subfield code="y">23</subfield>
  </datafield>
  <datafield tag="852" ind1=" " ind2=" ">
   <subfield code="a">INST</subfield>
   <subfield code="b">UNIPILB</subfield>
   <subfield code="c">SERIALS</subfield>
   <subfield code="e">20100928</subfield>
   <subfield code="h">Αλφαβητική σειρά</subfield>
   <subfield code="p">69891</subfield>
   <subfield code="q">69891</subfield>
   <subfield code="t">NOLOAN</subfield>
   <subfield code="v">τεύχ.249:(Μήνας)Σεπτέμβριος;(Έτος)2010</subfield>
   <subfield code="y">23</subfield>
  </datafield>
  <datafield tag="852" ind1=" " ind2=" ">
   <subfield code="a">INST</subfield>
   <subfield code="b">UNIPILB</subfield>
   <subfield code="c">SERIALS</subfield>
   <subfield code="e">20101006</subfield>
   <subfield code="h">Αλφαβητική σειρά</subfield>
   <subfield code="p">70060</subfield>
   <subfield code="q">70060</subfield>
   <subfield code="t">NOLOAN</subfield>
   <subfield code="v">τεύχ.250:(Μήνας)Οκτώβριος;(Έτος)2010</subfield>
   <subfield code="y">23</subfield>
  </datafield>
  <datafield tag="852" ind1=" " ind2=" ">
   <subfield code="a">INST</subfield>
   <subfield code="b">UNIPILB</subfield>
   <subfield code="c">SERIALS</subfield>
   <subfield code="e">20101112</subfield>
   <subfield code="h">Αλφαβητική σειρά</subfield>
   <subfield code="p">70540</subfield>
   <subfield code="q">70540</subfield>
   <subfield code="t">NOLOAN</subfield>
   <subfield code="v">τεύχ.251:(Μήνας)Νοέμβριος;(Έτος)2010</subfield>
   <subfield code="y">23</subfield>
  </datafield>
  <datafield tag="852" ind1=" " ind2=" ">
   <subfield code="a">INST</subfield>
   <subfield code="b">UNIPILB</subfield>
   <subfield code="c">SERIALS</subfield>
   <subfield code="e">20110117</subfield>
   <subfield code="h">Αλφαβητική σειρά</subfield>
   <subfield code="p">70797</subfield>
   <subfield code="q">70797</subfield>
   <subfield code="t">NOLOAN</subfield>
   <subfield code="v">τεύχ.253:(Μήνας)Ιανουάριος;(Έτος)2011</subfield>
   <subfield code="y">23</subfield>
  </datafield>
  <datafield tag="852" ind1=" " ind2=" ">
   <subfield code="a">INST</subfield>
   <subfield code="b">UNIPILB</subfield>
   <subfield code="c">SERIALS</subfield>
   <subfield code="e">20110408</subfield>
   <subfield code="h">Αλφαβητική σειρά</subfield>
   <subfield code="p">71593</subfield>
   <subfield code="q">71593</subfield>
   <subfield code="t">NOLOAN</subfield>
   <subfield code="v">τεύχ.256:(Μήνας)Απρίλιος;(Έτος)2011</subfield>
   <subfield code="y">23</subfield>
  </datafield>
  <datafield tag="852" ind1=" " ind2=" ">
   <subfield code="a">INST</subfield>
   <subfield code="b">UNIPILB</subfield>
   <subfield code="c">SERIALS</subfield>
   <subfield code="e">20110411</subfield>
   <subfield code="h">Αλφαβητική σειρά</subfield>
   <subfield code="p">71595</subfield>
   <subfield code="q">71595</subfield>
   <subfield code="t">NOLOAN</subfield>
   <subfield code="v">τεύχ.247:(Μήνας)Ιούνιος;(Έτος)2010</subfield>
   <subfield code="y">23</subfield>
  </datafield>
  <datafield tag="852" ind1=" " ind2=" ">
   <subfield code="a">INST</subfield>
   <subfield code="b">UNIPILB</subfield>
   <subfield code="c">SERIALS</subfield>
   <subfield code="e">20110411</subfield>
   <subfield code="h">Αλφαβητική σειρά</subfield>
   <subfield code="p">71596</subfield>
   <subfield code="q">71596</subfield>
   <subfield code="t">NOLOAN</subfield>
   <subfield code="v">τεύχ.246:(Μήνας)Μάιος;(Έτος)2010</subfield>
   <subfield code="y">23</subfield>
  </datafield>
  <datafield tag="852" ind1=" " ind2=" ">
   <subfield code="a">INST</subfield>
   <subfield code="b">UNIPILB</subfield>
   <subfield code="c">SERIALS</subfield>
   <subfield code="e">20110606</subfield>
   <subfield code="h">Αλφαβητική σειρά</subfield>
   <subfield code="p">71881</subfield>
   <subfield code="q">71881</subfield>
   <subfield code="t">NOLOAN</subfield>
   <subfield code="v">τεύχ.258:(Μήνας)Ιούνιος;(Έτος)2011</subfield>
   <subfield code="y">23</subfield>
  </datafield>
  <datafield tag="852" ind1=" " ind2=" ">
   <subfield code="a">INST</subfield>
   <subfield code="b">UNIPILB</subfield>
   <subfield code="c">SERIALS</subfield>
   <subfield code="e">20110628</subfield>
   <subfield code="h">Αλφαβητική σειρά</subfield>
   <subfield code="p">72080</subfield>
   <subfield code="q">72080</subfield>
   <subfield code="t">NOLOAN</subfield>
   <subfield code="v">τεύχ.257:(Μήνας)Μάιος;(Έτος)2011</subfield>
   <subfield code="y">23</subfield>
  </datafield>
  <datafield tag="852" ind1=" " ind2=" ">
   <subfield code="a">INST</subfield>
   <subfield code="b">UNIPILB</subfield>
   <subfield code="c">SERIALS</subfield>
   <subfield code="e">20110628</subfield>
   <subfield code="h">Αλφαβητική σειρά</subfield>
   <subfield code="p">72081</subfield>
   <subfield code="q">72081</subfield>
   <subfield code="t">NOLOAN</subfield>
   <subfield code="v">τεύχ.254:(Μήνας)Φεβρουάριος;(Έτος)2011</subfield>
   <subfield code="y">23</subfield>
  </datafield>
  <datafield tag="852" ind1=" " ind2=" ">
   <subfield code="a">INST</subfield>
   <subfield code="b">UNIPILB</subfield>
   <subfield code="c">SERIALS</subfield>
   <subfield code="e">20110628</subfield>
   <subfield code="h">Αλφαβητική σειρά</subfield>
   <subfield code="p">72082</subfield>
   <subfield code="q">72082</subfield>
   <subfield code="t">NOLOAN</subfield>
   <subfield code="v">τεύχ.255:(Μήνας)Μάρτιος;(Έτος)2011</subfield>
   <subfield code="y">23</subfield>
  </datafield>
  <datafield tag="852" ind1=" " ind2=" ">
   <subfield code="a">INST</subfield>
   <subfield code="b">UNIPILB</subfield>
   <subfield code="c">SERIALS</subfield>
   <subfield code="e">20110713</subfield>
   <subfield code="h">Αλφαβητική σειρά</subfield>
   <subfield code="p">72243</subfield>
   <subfield code="q">72243</subfield>
   <subfield code="t">NOLOAN</subfield>
   <subfield code="v">τεύχ.252:(Μήνας)Δεκέμβριος;(Έτος)2010</subfield>
   <subfield code="y">23</subfield>
  </datafield>
  <datafield tag="852" ind1=" " ind2=" ">
   <subfield code="a">INST</subfield>
   <subfield code="b">UNIPILB</subfield>
   <subfield code="c">SERIALS</subfield>
   <subfield code="e">20110713</subfield>
   <subfield code="h">Αλφαβητική σειρά</subfield>
   <subfield code="p">72244</subfield>
   <subfield code="q">72244</subfield>
   <subfield code="t">NOLOAN</subfield>
   <subfield code="v">τεύχ.259:(Μήνες)Ιούλ./Αύγ.;(Έτος)2011</subfield>
   <subfield code="y">23</subfield>
  </datafield>
  <datafield tag="852" ind1=" " ind2=" ">
   <subfield code="a">INST</subfield>
   <subfield code="b">UNIPILB</subfield>
   <subfield code="c">SERIALS</subfield>
   <subfield code="e">20111031</subfield>
   <subfield code="h">Αλφαβητική σειρά</subfield>
   <subfield code="p">73170</subfield>
   <subfield code="q">73170</subfield>
   <subfield code="t">NOLOAN</subfield>
   <subfield code="v">τεύχ.260:(Μήνας)Σεπτέμβριος;(Έτος)2011</subfield>
   <subfield code="y">23</subfield>
  </datafield>
  <datafield tag="852" ind1=" " ind2=" ">
   <subfield code="a">INST</subfield>
   <subfield code="b">UNIPILB</subfield>
   <subfield code="c">SERIALS</subfield>
   <subfield code="e">20111031</subfield>
   <subfield code="h">Αλφαβητική σειρά</subfield>
   <subfield code="p">73171</subfield>
   <subfield code="q">73171</subfield>
   <subfield code="t">NOLOAN</subfield>
   <subfield code="v">τεύχ.261:(Μήνας)Οκτώβριος;(Έτος)2011</subfield>
   <subfield code="y">23</subfield>
  </datafield>
  <datafield tag="852" ind1=" " ind2=" ">
   <subfield code="a">INST</subfield>
   <subfield code="b">UNIPILB</subfield>
   <subfield code="c">SERIALS</subfield>
   <subfield code="e">20111129</subfield>
   <subfield code="h">Αλφαβητική σειρά</subfield>
   <subfield code="p">73626</subfield>
   <subfield code="q">73626</subfield>
   <subfield code="t">NOLOAN</subfield>
   <subfield code="v">τεύχ.262:(Μήνας)Νοέμβριος;(Έτος)2011</subfield>
   <subfield code="y">23</subfield>
  </datafield>
  <datafield tag="852" ind1=" " ind2=" ">
   <subfield code="a">INST</subfield>
   <subfield code="b">UNIPILB</subfield>
   <subfield code="c">SERIALS</subfield>
   <subfield code="e">20120110</subfield>
   <subfield code="h">Αλφαβητική σειρά</subfield>
   <subfield code="p">73905</subfield>
   <subfield code="q">73905</subfield>
   <subfield code="t">NOLOAN</subfield>
   <subfield code="v">τεύχ.263:(Μήνας)Δεκέμβριος;(Έτος)2011</subfield>
   <subfield code="y">23</subfield>
  </datafield>
  <datafield tag="852" ind1=" " ind2=" ">
   <subfield code="a">INST</subfield>
   <subfield code="b">UNIPILB</subfield>
   <subfield code="c">SERIALS</subfield>
   <subfield code="e">20120213</subfield>
   <subfield code="h">Αλφαβητική σειρά</subfield>
   <subfield code="p">74458</subfield>
   <subfield code="q">74458</subfield>
   <subfield code="t">NOLOAN</subfield>
   <subfield code="v">τεύχ.264:(Μήνας)Ιανουάριος;(Έτος)2012</subfield>
   <subfield code="y">23</subfield>
  </datafield>
  <datafield tag="852" ind1=" " ind2=" ">
   <subfield code="a">INST</subfield>
   <subfield code="b">UNIPILB</subfield>
   <subfield code="c">SERIALS</subfield>
   <subfield code="e">20120327</subfield>
   <subfield code="h">Αλφαβητική σειρά</subfield>
   <subfield code="p">75081</subfield>
   <subfield code="q">75081</subfield>
   <subfield code="t">NOLOAN</subfield>
   <subfield code="v">τεύχ.265:(Μήνες)Φεβ./Μάρ.;(Έτος)2012</subfield>
   <subfield code="y">23</subfield>
  </datafield>
  <datafield tag="852" ind1=" " ind2=" ">
   <subfield code="a">INST</subfield>
   <subfield code="b">UNIPILB</subfield>
   <subfield code="c">SERIALS</subfield>
   <subfield code="e">20120426</subfield>
   <subfield code="h">Αλφαβητική σειρά</subfield>
   <subfield code="p">75317</subfield>
   <subfield code="q">75317</subfield>
   <subfield code="t">NOLOAN</subfield>
   <subfield code="v">τεύχ.266:(Μήνας)Απρίλιος;(Έτος)2012</subfield>
   <subfield code="y">23</subfield>
  </datafield>
  <datafield tag="852" ind1=" " ind2=" ">
   <subfield code="a">INST</subfield>
   <subfield code="b">UNIPILB</subfield>
   <subfield code="c">SERIALS</subfield>
   <subfield code="e">20120426</subfield>
   <subfield code="h">Αλφαβητική σειρά</subfield>
   <subfield code="p">75318</subfield>
   <subfield code="q">75318</subfield>
   <subfield code="t">NOLOAN</subfield>
   <subfield code="v">τεύχ.Ηλεκτρονικό εμπόριο:(Μήνας)Απρίλιος;(Έτος)2012</subfield>
   <subfield code="y">23</subfield>
  </datafield>
  <datafield tag="900" ind1=" " ind2=" ">
   <subfield code="a">Τχ. 268 (Ιούνιος 2012)</subfield>
   <subfield code="b">Οφειλόμενο</subfield>
   <subfield code="c">11/09/2012</subfield>
  </datafield>
  <datafield tag="900" ind1=" " ind2=" ">
   <subfield code="a">Τχ. 198 (Ιανουάριος 2006)</subfield>
   <subfield code="b">Οφειλόμενο</subfield>
   <subfield code="c">07/05/2006</subfield>
  </datafield>
  <datafield tag="900" ind1=" " ind2=" ">
   <subfield code="a">Τχ. 223 (Απρίλιος 2008)</subfield>
   <subfield code="b">Οφειλόμενο</subfield>
   <subfield code="c">17/06/2008</subfield>
  </datafield>
  <datafield tag="900" ind1=" " ind2=" ">
   <subfield code="a">Τχ. 245 (Απρίλιος 2010)</subfield>
   <subfield code="b">Οφειλόμενο</subfield>
   <subfield code="c">08/06/2010</subfield>
  </datafield>
  <datafield tag="900" ind1=" " ind2=" ">
   <subfield code="a">Τχ. 267 (Μάιος 2012)</subfield>
   <subfield code="b">Οφειλόμενο</subfield>
   <subfield code="c">21/08/2012</subfield>
  </datafield>
  <datafield tag="950" ind1=" " ind2=" ">
   <subfield code="a">01/01/2004</subfield>
   <subfield code="c">ΔΗΜΟΣΙΟΓΡΑΦΙΚΟΣ ΟΡΓΑΝΙΣΜΟΣ ΛΑΜΠΡΑΚΗ</subfield>
   <subfield code="d">78</subfield>
  </datafield>
  <datafield tag="951" ind1=" " ind2=" ">
   <subfield code="a">Ηλεκτρονικό εμπόριο ( 2012)</subfield>
   <subfield code="b">Supplements</subfield>
  </datafield>
  <datafield tag="951" ind1=" " ind2=" ">
   <subfield code="a">Τχ.1(Φεβ. 1988) -  (τχ.54(Δεκ. 1992)</subfield>
   <subfield code="b">Main run</subfield>
  </datafield>
  <datafield tag="951" ind1=" " ind2=" ">
   <subfield code="a">Τχ.79(Iαν. 1995) -  (τχ.174(Νοέμ. 2003)</subfield>
   <subfield code="b">Main run</subfield>
  </datafield>
  <datafield tag="951" ind1=" " ind2=" ">
   <subfield code="a">Τχ. 176 (Ιανουάριος 2004)</subfield>
   <subfield code="b">Main run</subfield>
  </datafield>
  <datafield tag="951" ind1=" " ind2=" ">
   <subfield code="a">Τχ. 177 (Φεβρουάριος 2004) - Τχ. 182 (Ιούλιος 2004)</subfield>
   <subfield code="b">Main run</subfield>
  </datafield>
  <datafield tag="951" ind1=" " ind2=" ">
   <subfield code="a">Τχ. 183 (Αύγ./Σεπ. 2004)</subfield>
   <subfield code="b">Main run</subfield>
  </datafield>
  <datafield tag="951" ind1=" " ind2=" ">
   <subfield code="a">Τχ. 184 (Οκτώβριος 2004) - Τχ. 192 (Ιούνιος 2005)</subfield>
   <subfield code="b">Main run</subfield>
  </datafield>
  <datafield tag="951" ind1=" " ind2=" ">
   <subfield code="a">Τχ. 193  (Ιούλ./Αύγ. 2005)</subfield>
   <subfield code="b">Main run</subfield>
  </datafield>
  <datafield tag="951" ind1=" " ind2=" ">
   <subfield code="a">Τχ. 194 (Σεπτέμβριος 2005) - Τχ. 197 (Δεκέμβριος 2005)</subfield>
   <subfield code="b">Main run</subfield>
  </datafield>
  <datafield tag="951" ind1=" " ind2=" ">
   <subfield code="a">Τχ. 199 (Φεβρουάριος 2006) - Τχ. 203 (Ιούνιος 2006)</subfield>
   <subfield code="b">Main run</subfield>
  </datafield>
  <datafield tag="951" ind1=" " ind2=" ">
   <subfield code="a">Τχ. 204  (Ιούλ./Αύγ. 2006)</subfield>
   <subfield code="b">Main run</subfield>
  </datafield>
  <datafield tag="951" ind1=" " ind2=" ">
   <subfield code="a">Τχ. 205 (Σεπτέμβριος 2006) - Τχ. 214 (Ιούνιος 2007)</subfield>
   <subfield code="b">Main run</subfield>
  </datafield>
  <datafield tag="951" ind1=" " ind2=" ">
   <subfield code="a">Τχ. 215  (Ιούλ./Αύγ. 2007)</subfield>
   <subfield code="b">Main run</subfield>
  </datafield>
  <datafield tag="951" ind1=" " ind2=" ">
   <subfield code="a">Τχ. 216 (Σεπτέμβριος 2007) - Τχ. 222 (Μάρτιος 2008)</subfield>
   <subfield code="b">Main run</subfield>
  </datafield>
  <datafield tag="951" ind1=" " ind2=" ">
   <subfield code="a">Τχ. 224 (Μάϊος 2008) - Τχ. 225 (Ιούνιος 2008)</subfield>
   <subfield code="b">Main run</subfield>
  </datafield>
  <datafield tag="951" ind1=" " ind2=" ">
   <subfield code="a">Τχ. 226  (Ιούλ./Αύγ. 2008)</subfield>
   <subfield code="b">Main run</subfield>
  </datafield>
  <datafield tag="951" ind1=" " ind2=" ">
   <subfield code="a">Τχ. 227 (Σεπτέμβριος 2008) - Τχ. 236 (Ιούνιος 2009)</subfield>
   <subfield code="b">Main run</subfield>
  </datafield>
  <datafield tag="951" ind1=" " ind2=" ">
   <subfield code="a">Τχ. 237  (Ιούλ./Αύγ. 2009)</subfield>
   <subfield code="b">Main run</subfield>
  </datafield>
  <datafield tag="951" ind1=" " ind2=" ">
   <subfield code="a">Τχ. 238 (Σεπτέμβριος 2009) - Τχ. 244 (Μάρτιος 2010)</subfield>
   <subfield code="b">Main run</subfield>
  </datafield>
  <datafield tag="951" ind1=" " ind2=" ">
   <subfield code="a">Τχ. 246 (Μάϊος 2010) - Τχ. 247 (Ιούνιος 2010)</subfield>
   <subfield code="b">Main run</subfield>
  </datafield>
  <datafield tag="951" ind1=" " ind2=" ">
   <subfield code="a">Τχ. 248  (Ιούλ/Αύγ. 2010)</subfield>
   <subfield code="b">Main run</subfield>
  </datafield>
  <datafield tag="951" ind1=" " ind2=" ">
   <subfield code="a">Τχ. 249  (Σεπτέμβριος 2010)</subfield>
   <subfield code="b">Main run</subfield>
  </datafield>
  <datafield tag="951" ind1=" " ind2=" ">
   <subfield code="a">Τχ. 250 (Οκτώβριος 2010) - Τχ. 258 (Ιούνιος 2011)</subfield>
   <subfield code="b">Main run</subfield>
  </datafield>
  <datafield tag="951" ind1=" " ind2=" ">
   <subfield code="a">Τχ. 259  (Ιούλ./Αύγ. 2011)</subfield>
   <subfield code="b">Main run</subfield>
  </datafield>
  <datafield tag="951" ind1=" " ind2=" ">
   <subfield code="a">Τχ. 260  (Σεπτέμβριος 2011)</subfield>
   <subfield code="b">Main run</subfield>
  </datafield>
  <datafield tag="951" ind1=" " ind2=" ">
   <subfield code="a">Τχ. 261 (Οκτώβριος 2011) - Τχ. 264 (Ιανουάριος 2012)</subfield>
   <subfield code="b">Main run</subfield>
  </datafield>
  <datafield tag="951" ind1=" " ind2=" ">
   <subfield code="a">Τχ. 265  (Φεβ./Μάρ. 2012)</subfield>
   <subfield code="b">Main run</subfield>
  </datafield>
  <datafield tag="951" ind1=" " ind2=" ">
   <subfield code="a">Τχ. 266 (Απρίλιος 2012)</subfield>
   <subfield code="b">Main run</subfield>
  </datafield>
  <datafield tag="951" ind1=" " ind2=" ">
   <subfield code="a">Ειδική έκδοση Δεκέμβριος 2000</subfield>
   <subfield code="b">Supplements</subfield>
  </datafield>
  <datafield tag="951" ind1=" " ind2=" ">
   <subfield code="a">Ειδική έκδοση Νοέμβριος 2001</subfield>
   <subfield code="b">Supplements</subfield>
  </datafield>
  <datafield tag="951" ind1=" " ind2=" ">
   <subfield code="a">Best buys 2011</subfield>
   <subfield code="b">Supplements</subfield>
  </datafield>
  <datafield tag="951" ind1=" " ind2=" ">
   <subfield code="a">Total XAKER τχ. 35 It's back to hacking time, baby!</subfield>
   <subfield code="b">Supplements</subfield>
  </datafield>
  <datafield tag="951" ind1=" " ind2=" ">
   <subfield code="a">Total XAKER τχ. 36 The rise of the inner geek!</subfield>
   <subfield code="b">Supplements</subfield>
  </datafield>
  <datafield tag="951" ind1=" " ind2=" ">
   <subfield code="a">Total XAKER τχ. 39 Ανέμελα προβατάκια κι εκδικητικοί γείτονες!</subfield>
   <subfield code="b">Supplements</subfield>
  </datafield>
  <datafield tag="951" ind1=" " ind2=" ">
   <subfield code="a">Total XAKER τχ. 40 Friendly hacking teacher inside</subfield>
   <subfield code="b">Supplements</subfield>
  </datafield>
  <datafield tag="951" ind1=" " ind2=" ">
   <subfield code="a">Total XAKER τχ. 41 Antimalware be gone!</subfield>
   <subfield code="b">Supplements</subfield>
  </datafield>
  <datafield tag="951" ind1=" " ind2=" ">
   <subfield code="a">Total XAKER τχ. 42 Διάβασε το, αν μπορείς!</subfield>
   <subfield code="b">Supplements</subfield>
  </datafield>
  <datafield tag="951" ind1=" " ind2=" ">
   <subfield code="a">Total XAKER τχ. 44 Τεχνολογία από το μέλλον για το σπίτι σας σήμερα!</subfield>
   <subfield code="b">Supplements</subfield>
  </datafield>
  <datafield tag="951" ind1=" " ind2=" ">
   <subfield code="a">Κόλπα στο Internet</subfield>
   <subfield code="b">Supplements</subfield>
  </datafield>
  <datafield tag="952" ind1=" " ind2=" ">
   <subfield code="a">(137)2000),(155)2002, (165)2003</subfield>
  </datafield>
  <datafield tag="952" ind1=" " ind2=" ">
   <subfield code="a">(4, 5, 8, 10)1988, (11, 19)1989, (22-27, 30, 31)1990, (43)1991,</subfield>
  </datafield>
  <datafield tag="952" ind1=" " ind2=" ">
   <subfield code="a">(54)1992, (55)1993, (80)1995, (93, 96)1996, (108)1997,</subfield>
  </datafield>
 </record>
</collection>
